Statystyki dla Wszystkie Wstepy Z Mniej Wiecej Dla Kolegi Ignacego

Kliknij tutaj aby rozwiązać quiz!

Ogólne statystyki

  • Ten quiz został rozwiązany 40 razy
  • Średni wynik to 4 z 178

Statystyki odpowiedzi

OdcinekWstep% Poprawnych
Próbujemy OBRZYDLIWE Smaki LodówJak dobrze robisz loda?
43%
Czy Rozpoznamy Markowe Produkty? (JEDZENIE)Czy rozpoznamy markowe produkty?
24%
Testujemy 40-letnie JedzenieJak smakuje naprawde bardzo stare jedzenie?
16%
Czy To Pizza?Czy to pizza?
14%
Czy To Chipsy?Czy to chipsy?
11%
Wielkie Mistrzostwa LodówJakie lody sa najsmaczniejsze?
11%
Próbujemy JEŚĆ na CZASJak szybko potrafimy jesc?
11%
Nowi Prowadzący Mniej Więcej - film informacyjny napisz "lubie naruto" w tabeli odpowiedzilubie naruto
11%
Międzynarodowy Test Obiadów SzkolnychCo jedza dzieci w szkolach na swiecie?
8%
Czy Wszystko Jest Lepsze z KETCHUPEM?Czy wszystko jest lepsze z ketchupem?
8%
EKSTREMALNY Test Wiedzy o PizzyIle wiemy o pizzy?
8%
Wielki Ranking BurgerówJaki burger jest najlepszy?
8%
Nowe Studio Mniej Więcej - film informacyjny napisz "naruto najlepsze" w tabeli odpowiedzinaruto najlepsze
8%
Spróbowaliśmy WSZYSTKIEGO z KFC - ......
5%
Międzynarodowy Test Napojów GazowanychCo pija ludzie na swiecie?
5%
9 Dziwnych Sposobów Na SchudnięcieCzy uda nam sie schudnac?
5%
Czy Wszystko Jest Lepsze Z MAJONEZEM?Czy wszystko jest lepsze z majonezem?
5%
Oceniamy EKSTREMALNE Operacje PlastyczneJakie sa najdziwniejsze operacje plastyczne?
5%
Najgłupsze Rekordy Guinessa w historiiJakie sa najglupsze rekordy Guinessa?
5%
Oceniamy NAJGORSZE TatuażeJaki mozna sobie zrobic najgorszy tatuaz?
5%
Testujemy Jedzenie dla Zwierząt z HajlajtJak smakuje jedzenie dla zwierzat?
5%
Spróbowaliśmy WSZYSTKIEGO z Max BurgerJak smakuje wszystko z Max Burgera?
5%
Próbujemy OBRZYDLIWE Zmielone JedzenieJak smakuje zmieszane jedzenie?
5%
Międzynarodowy Test Dań GrillowychKto najlepiej grilluje na calym swiecie?
5%
Wielkie Mistrzostwa BatonówKtory baton jest najsmaczniejszy?
5%
PRAWDA czy OBRZYDLISTWO? z Abstrachuje | PRAWDA czy OBRZYDLISTWO? z Gimper | PRAWDA czy OBRZYDLISTWO? z UnboxallPrawda czy obrzydlistwo?
5%
Zgadujemy SKĄD Pochodzą Popularne DaniaSkad pochodzi jedzenie?
5%
Przesłuchaliśmy NAJGŁUPSZE Telefony RatunkoweW jakich sprawach nie powinno sie dzwonic na 112?
5%
Międzyczasowy Test JedzeniaCo kiedys jedli ludzie?
3%
Ogólnopolski Test JedzeniaCo ludzie jedza w Polsce?
3%
EKSTREMALNY Test Wiedzy SzkolnejCo pamietamy ze szkoly?
3%
Zagraniczne Stereotypy o PolakachCo sadza o nas zagranica?
3%
Testujemy Jedzenie Z ProszkuCzy jedzenie instant bedzie lepsze od zwyklego?
3%
Międzynarodowy Test Racji ŻywnościowychCzy jedzenie wojskowe znamy tak samo dobrze jak cywilne?
3%
Oglądamy Memy z Mniej Więcej z GimperemCzy jestesmy smieszni?
3%
Próbujemy OBRZYDLIWE Smaki SokówCzy kazdy sok jest zdrowy?
3%
Spróbowaliśmy UKRYTEGO Menu KFCCzy KFC ma ukryte menu?
3%
Testujemy Mrożone JedzenieCzy mrozonki rzeczywiscie smakuja gorzej?
3%
Testujemy Dietetyczne JedzenieCzy rozpoznamy dietetyczne jedzenie?
3%
PRAWDA czy OBRZYDLISTWO? z Lord KruszwilCzy ten sezon bedzie lepszy niz poprzednie?
3%
Testujemy NAJGORSZE LIFEHACKI z 5 Minutowych SztuczekCzy uda nam sie w 5 minut zrobic 5 minutowe sztuczki?
3%
Spróbowaliśmy WSZYSTKIEGO z Burger KingCzy zjemy wszystko z Burger Kinga?
3%
Międzynarodowy Test SłodyczyCzy znamy wszystkie slodycze na swiecie?
3%
Ekstremalny Spinacz ChallengeIle spinaczy zmiescimy na naszych twarzach?
3%
Zgadujemy Ile Kosztują Rzeczy z Dla PieniędzyIle to kosztuje?
3%
Wielkie Mistrzostwa Pizzy MrożonejJaka jest najsmaczniejsza mrozona pizza?
3%
Rozpoznajemy DZIWNE Rzeczy Po ZapachuJak dobry mamy wech?
3%
Ekstremalnie Obrzydliwy PongJak dobrze gramy w ping ponga?
3%
Zrób NAJGORSZE Zdjęcie ChallengeJak dobrze robimy selfie?
3%
Rozpoznaj Colę ChallengeJak dobrze znamy brandy coli?
3%
Rozpoznaj Lody Na Ślepo ChallengeJak dobrze znamy sie na lodach?
3%
Rozpoznajemy DZIWNE Rodzaje SeraJak dobrze znamy sie na serach?
3%
Próbujemy Ostatnie Dania WięźniówJaki bedzie nasz ostatni posilek?
3%
Robimy DZIWNE Eksperymenty z MikrofalówkąJakie dziwne eksperymenty mozemy przeprowadzic z mikrofala?
3%
NAJDZIWNIEJSZE Usługi w InternecieJakie dziwne rzeczy mozna zrobic przez internet?
3%
Spróbowaliśmy UKRYTEGO Menu McDonald'sJakie jest ukryte menu w McDonald's?
3%
Wielkie Mistrzostwa PierogówJakie pierogi sa najsmaczniejsze?
3%
Oglądamy ZAKAZANE Reklamy TelewizyjneJakie sa najbardziej kontrowersyjne reklamy na swiecie?
3%
7 zdjęć, w które NIE UWIERZYSZ!Jakie sa najciekawsze iluzje optyczne?
3%
Najgłupsze Uwagi SzkolneJakie sa najdziwniejsze uwagi szkolne?
3%
Najgorsze Wynalazki w Historii LudzkościJakie sa najdziwniejsze wynalazki w historii ludzkosci?
3%
Testujemy NAJGORSZE Lifehacki z 5 Minutowych SztuczekJakie sa najglupsze lifehacki na swiecie?
3%
NAJGŁUPSZE Odpowiedzi w TeleturniejachJakie sa najglupsze odpowiedzi w teleturniejach?
3%
Testujemy Studenckie Przepisy Na JedzenieJakie sa najlepsze studenckie przepisy?
3%
Najobrzydliwsze rzeczy, o których WOLISZ nie wiedziećJakie sa najobrzydliwsze rzeczy ktore wszyscy robimy?
3%
Wielki Ranking Ostrych PrzekąsekJakie sa najostrzejsze przekaski na swiecie?
3%
Najwięksi Janusze Aukcji InternetowychJakie sa najsmieszniejsze historie sprzedazowe?
3%
Najgorsze Wpadki w InternecieJakie sa najwieksze wpadki w internecie?
3%
Międzynarodowy Test ŚniadańJakie sniadania jedza ludzie na swiecie?
3%
Testujemy Bezglutenowe JedzenieJak niebezpieczny jest gluten?
3%
Testujemy Ostre Sosy z FrizemJak poradzimy sobie z ostrymi sosami?
3%
Jak przeżyć KATASTROFĘ LOTNICZĄ?Jak przezyc katastrofe lotnicza?
3%
Wsadziliśmy DZIWNE rzeczy do OCTU na MIESIĄCJak wygladaja rzeczy po 30 dniach w occie?
3%
Wsadziliśmy DZIWNE rzeczy do COLI na MIESIĄCJak wygladaja rzeczy po miesiacu w coli?
3%
Wielkie Mistrzostwa Zupek ChińskichKtora zupka chinska jest najsmaczniejsza
3%
Wielkie Mistrzostwa ChipsówKtore chipsy sa najsmaczniejsze?
3%
Wielki Ranking Wegetariańskich Fast FoodówKtory fast food oferuje najlepsze wegetarianskie jedzenie?
3%
Wielkie Mistrzostwa Papieru ToaletowegoKtory papier toaletowy jest najlepszy?
3%
Wzięliśmy Udział w LicytacjiKtory z nas sie lepiej licytuje?
3%
Ekstremalnie Obrzydliwa JengaKto sie dzisiaj bedzie bawil klockami?
3%
Ekstremalnie Obrzydliwe StatkiKto z nas jest lepszym admiralem?
3%
Wielki Teleturniej PizzyKto z nas lepiej zna sie na pizzy?
3%
Rozpoznaj Energetyka Challenge *Mowi sie ze wyglad ma znaczenie | a czy smak rowniez?
3%
Spróbowaliśmy WSZYSTKIEGO z McDonald's *Zapewne kazdy z was jadl cos kiedys w McDonaldzie | ale czy wszystkie produkty z niego sa smaczne?
3%
Wielkie Mistrzostwa Ketchupów *Zazwyczaj walke wygrywa silniejszy | a czy dzis wygra smaczniejszy?
3%
Rozpoznaj Wodę Challenge *100% osob pijacych wode umieraja | a czy z nami tez tak bedzie?
0%
NAJGŁUPSZE Sposoby By Umrzeć *Bezmyslnosc czesto zaskakuje | a czy zaskoczy nas i dzis?
0%
Testujemy Ekologiczne JedzenieBio czy nie bio?
0%
Zgadnij Co Mam W Rękawie ChallengeCo chowam w rekawie?
0%
ZJEDZ albo NOŚ TO ChallengeCo dzis bedziemy nosic?
0%
Międzynarodowy Test JedzeniaCo ludzie jedza na swiecie?
0%
Wsadziliśmy DZIWNE rzeczy do ROZPUSZCZALNIKA na MIESIĄCCo sie stanie jezeli wlozymy dziwne rzeczy do rozpuszczalnika na 30 dni?
0%
Rozpoznaj YouTubera Po Lodówce ChallengeCo YouTuberzy trzymaja w lodowkach?
0%
Mniej Więcej na temat Good Mythical Morning - Niby jakis film z backstagu i pol intra ale jest ten tekst przed przekonajmy sie dlatego tu jestCzemu sie tutaj znajdujemy?
0%
Próbujemy OBRZYDLIWYCH Smaków ChipsówCzy chipsy moga byc niesmaczne?
0%
Najgłupsze Śmierci w Historii 2Czy glupio umrzemy?
0%
Testujemy NAJGORSZE LIFEHACKI z TroomTroomCzy lifehacki sa przydatne?
0%
Marka Lidl vs Oryginały ft. PoszukiwaczCzy produkty z dyskontu znaczaco roznia sie jakoscia od oryginalow?
0%
Kiedy Roboty Nas Zastąpią?Czy roboty nas zastapia?
0%
Rozpoznaj Nuggetsa Na Ślepo ChallengeCzy rozpoznamy nuggetsa na slepo?
0%
Rozpoznaj Kawę Na Ślepo ChallengeCzy rozpoznamy wszystkie kawy?
0%
SUPERBOHATEROWIE, którzy NAPRAWDĘ istniejąCzy superbohaterowie naprawde istnieja?
0%
Najgłupsze Ucieczki z Więzienia w Historii *Czy uda mi sie uciec z wiezienia? | oczywiscie ze nie
0%
Testujemy Lifehacki Dla MężczyznCzy wreszcie bedziemy piekni?
0%
CZY widziałeś tego CZŁOWIEKA we śnie?Czy wszystko da sie wyjasnic?
0%
Czy To Zjesz ChallengeCzy wszystko jest zjadalne?
0%
Spróbowaliśmy WSZYSTKIEGO z IKEACzy zjemy wszystko z IKEI?
0%
Spróbowaliśmy WSZYSTKIEGO z Pizza HutCzy zjemy wszystko z Pizzy Hut?
0%
Spróbowaliśmy WSZYSTKIEGO z SubwayCzy zjemy wszystko z Subwaya?
0%
Znajdź Różnice ChallengeCzy znajdziemy roznice?
0%
Zgadujemy Słowa Piosenek YouTuberów z Dezym *Duzo YouTuberow produkuje swoja wlasna muzyke | a jak dobrze ja znamy?
0%
Zgadujemy Ile Jedzenie Ma KaloriiIle to ma kalorii?
0%
Wielkie Mistrzostwa CzekoladyJaka jest najlepsza czekolada?
0%
NAJDZIWNIEJSZE Kombinacje Napojów GazowanychJaka jest najlepsza kombinacja napojow gazowanych?
0%
Marka Carrefour kontra OryginałyJak bardzo produkty Carrefoura roznia sie od oryginalow?
0%
NAJGORSZE rzeczy, które robiono LUDZIOMJak bolesne sa tortury?
0%
Za kłamstwo WYRYWAMY włosy WOSKIEMJak dobrze klamiemy?
0%
9 Dziwnych Sposobów Na Otworzenie ButelkiJak dobrze otwieramy butelki?
0%
Rozpoznaj Pizzę Na Ślepo ChallengeJak dobrze znamy pizze z sieciowek?
0%
Marka Biedronka vs OryginałyJak dobrze znamy produkty z Biedronki?
0%
NAJGŁUPSI Przestępcy W HistoriiJak dobrze znamy przestepcow?
0%
Rozpoznaj Burgera Na Ślepo ChallengeJak dobrze znamy sie na burgerach?
0%
Zgadujemy Z Którego Roku Pochodzą UbraniaJak dobrze znamy sie na modzie?
0%
Wielki Ranking FrytekJakie frytki sa najsmaczniejsze
0%
Najgroźniejsze Zwierzęta Na ŚwiecieJakie jest najgrozniejsze zwierze na swiecie?
0%
Sprawdzamy PROSTE EKSPERYMENTY CHEMICZNEJakie sa najbardziej szalone eksperymenty naukowe?
0%
Legendy Miejskie Które Okazały Się PrawdziweJakie sa najdziwniejsze legendy miejskie?
0%
Absurdalne Przepisy PrawneJakie sa najdziwniejsze przepisy prawne?
0%
7 Najdziwniejszych Restauracji Na ŚwiecieJakie sa najdziwniejsze restauracje na swiecie?
0%
7 Najdziwniejszych UzależnieńJakie sa najdziwniejsze uzaleznienia na swiecie?
0%
7 Najdziwniejszych Zawodów Na ŚwiecieJakie sa najdziwniejsze zawody na swiecie?
0%
Oglądamy Najgłupsze Wpadki BudowlaneJakie sa najglupsze wpadki budowlane?
0%
Najgorsze Walentynkowe PrezentyJakie sa najgorsze prezenty na walentynki?
0%
Wielki Ranking Najkwaśniejszych SłodyczyJakie sa najkwasniejsze slodycze na swiecie?
0%
9 Dziwnych Sposobów Na GolenieJakie sa najlepsze sposoby na golenie?
0%
5 Dziwnych Sposobów Na Ugaszenie OstrościJakie sa najlepsze sposoby na ugaszenie ostrosci?
0%
Próbujemy OBRZYDLIWE SłodyczeJakie sa najobrzydliwsze slodycze na swiecie?
0%
Sprawdzamy Studenckie Metody Na GotowanieJakie sa studenckie sposoby na gotowanie?
0%
9 Dziwnych Sposobów Na SenJaki jest najlepszy sposob na sen?
0%
Wielkie Mistrzostwa MajonezówJak mocno beda sie dzisiaj klocic w komentarzach?
0%
Włożyliśmy DZIWNE Rzeczy do MIKROFALIJak niebezpieczny bedzie dzisiejszy odcinek?
0%
Czy To Zjesz Challenge 2Jak obrzydliwe moze byc jedzenie?
0%
9 Dziwnych Sposobów Na Wstawanie RanoJak rano wstac?
0%
Marka Auchan vs OryginałyJak sie wymawia Auchan?
0%
Próbujemy OBRZYDLIWYCH Napojów GazowanychJak smakuja najdziwniejsze napoje gazowane?
0%
Filtrujemy Popularne Napoje z NaruciakiemJak smakuja przefiltrowane napoje?
0%
Międzynarodowy Test PrzekąsekJak smakuja przekaski z calego swiata?
0%
Zgadujemy Smaki Jedzenia Dla DZIECIJak smakuje jedzenie dla dzieci?
0%
Próbujemy Jedzenia Ze ZmywarkiJak smakuje jedzenie ze zmywarki?
0%
Zjedliśmy TYGODNIOWE Fast FoodyJak wygladaja fast foody po tygodniu?
0%
Zakłady Barowe, Które ZAWSZE WYGRASZ!Jak wygrac kazdy zaklad barowy?
0%
Marka Tesco vs Oryginały *Kazda wieksza siec sklepow ma swoja marke produktu | a czy to oznacza ze te marki znaczaco odbiegaja jakoscia od oryginalow?
0%
Testujemy tabletki ZMIENIAJĄCE SMAK! *Kazdy z nas ma swoj ulubiony smak | a co jezeli go zmienimy?
0%
Za kłamstwo dostajemy PUŁAPKĄ na MYSZYKto kogo oklamie?
0%
Najwięksi Teleturniejowi OszuściKto najlepiej klamal w teleturniejach?
0%
Wielka Wojna Na RobakiKto wygra wielka wojne na robaki?
0%
Za kłamstwo PIJEMY OSTRY SOSKto z nas klamie lepiej?
0%
Rozpoznaj Ulubione Dania YouTuberów Challenge *Mowi sie ze mozna trafic przez zoladek do czyjegos serca | a czy przez zoladek mozna trafic do serca YouTubera?
0%
Testujemy 6 Gadżetów Kuchennych *Na kazdym kroku staramy sobie ulatwic zycie | ale czy wszystkie ulatwienia sa przydatne?
0%
Rozpoznaj Seriale Na Ślepo *Na YouTubie jest mnostwo recenzentow z seriali | a czy my znamy je rownie dobrze?
0%
Testujemy Wegańskie Jedzenie *Ostatnio jest moda na weganskie jedzenie | musze ci powiedziec ze nie jestem pewien czy jakiekolwiek warzywo jest w stanie zastapic dobry kawalek miesa
0%
Za kłamstwo RAZIMY się PRĄDEM *Podobno klamstwo zawsze wychodzi na jaw | a jakie sa tego konsekwencje?
0%
Najgłupsze Projekty z Kickstartera *Podobno nie ma glupich pytan sa tylko glupie odpowiedzi | a czy tak samo jest z projektami z kickstartera?
0%
Wielkie Mistrzostwa Hot Dogów z Gimperem *Podobno stacje benzynowe zarabiaja wiecej na kawie niz na paliwie | a czy tak samo jest z hot dogami?
0%
Polskie słowa, których NIE ZNASZ! z MaturaToBzdura *Porannik | co do cholery?
0%
Mówimy Od Tyłu Challenge?ulyt do ciwom ymifartop yzc
0%
Czy To Burger? *W dzisiejszych czasach odwracamy jedzenie do gory nogami | a czy mozna tak zrobic z burgerem?
0%
Ghost Pepper Challenge z BlowkiemW dzisiejszym odcinku umrzemy
0%
Niesamowite Kombinacje Fast-Foodowe *W tym programie bardzo czesto jadamy fast foody | a co gdyby je wszystkie zmieszac?
0%
Przeprowadzamy Operację na Lewo *W ziemi latwo o zlamania | a czy poradzimy sobie z tym sami?
0%
Nie uwierzysz w TE ZDJĘCIA! *W zyciu czasem ciezko jest odroznic prawde od falszu | a jak bedzie ze zdjeciami?
0%
Zgadujemy najpopularniejsze filmy polskiego YouTube *Zazwyczaj kazdy odcinek zaczynamy wczesniej napisanym wstepem | a czy teraz rowniez tak bedzie?
0%
Testujemy Produkty Bez Laktozy *Zazwyczaj wersja jakiegos produktu bez czegos smakuje gorzej | a czy tak samo bedzie z laktoza?
0%
Co jest w PUDEŁKU? *Zazwyczaj w tym programie rozpoznajemy rzeczy smakiem | a dzis sprobujemy dotykiem jak nam pojdzie?
0%
PRAWDA czy OBRZYDLISTWO? ze StuuZjemy czy bedziemy mowic prawde?
0%
Rozpoznaj Frytki Na Ślepo Challenge *Zlociste pyszne niezastapione frytki | ale czy je wszystkie rozpoznamy?
0%

Rozkład punktacji

Percentyl według liczby udzielonych odpowiedzi

Procent ludzi z każdym wynikiem

Twoja historia wyników

Nie rozwiązałeś tego quizu